Applied linear regression

Αποθηκεύτηκε σε:
Λεπτομέρειες βιβλιογραφικής εγγραφής
Κύριος συγγραφέας: Weisberg, Sanford, 1947-
Μορφή: Βιβλίο
Γλώσσα:English
Δημοσίευση: New York ; Chichester : Wiley, c1985.
Έκδοση:2nd ed.
Σειρά:Wiley series in probability and mathematical statistics. Applied probability and statistics.
Θέματα:
Ετικέτες: Προσθήκη ετικέτας
Δεν υπάρχουν, Καταχωρήστε ετικέτα πρώτοι!

MARC

LEADER 00000cam a2200000 i 4500
001 1/1318
008 000417s1985 nyu| ||| |||| ||eng||
020 |a 0471879576 
035 |l 10059975 
040 |a GR-MyUa  |b gre  |e AACR2 
041 0 |a eng 
082 7 |a 519.536   |2 (22) 
100 1 |a Weisberg, Sanford,   |d 1947- 
245 1 0 |a Applied linear regression /   |c Sanford Weisberg. 
250 |a 2nd ed. 
260 |a New York ;   |a Chichester :   |b Wiley,   |c c1985. 
300 |a xiv, 324 σ. :   |b εικ. ;   |c 24 εκ. 
490 1 |a (Wiley series in probability and mathematical statistics. Applied probability and statistics) 
504 |a Περιλαμβάνει βιβλιογραφικές παραπομπές και ευρετήριο. 
650 0 0 |a Regression analysis. 
830 0 |a Wiley series in probability and mathematical statistics.   |p Applied probability and statistics. 
852 |a INST  |b SAMOS  |e 20000417  |h 519.536 WEI  |p 005300017716  |q 005300017716  |t BK  |y 0 
901 |a BIBL3-2000-1 
922 |a 3ΕΛΗ  |b 200003  |c ΚΠΣ  |d ΠΑΠΑΣΩΤΗΡΙΟΥ 
950 |a 116-1999-12-31 
970 |a ΓΕΝΟΥΖΟΥ  |b ΧΡΥΣΑΝΘΗ  |z 2000/04/26